[Event "RUS-chT2"]
[Site "Sochi"]
[Date "2023.05.05"]
[Round "5.1"]
[White "Kalabukhov, Bogdan"]
[Black "Ponomarev, Grigori"]
[Result "1-0"]
[WhiteElo "2292"]
[BlackElo "2334"]
[PlyCount "128"]
[EventDate "2023.05.01"]
[EventType "team-swiss"]
[EventRounds "9"]
[EventCountry "RUS"]
[SourceTitle "CBM 214 Extra"]
[Source "ChessBase"]
[SourceDate "2023.07.31"]
[SourceVersion "1"]
[SourceVersionDate "2023.07.31"]
[SourceQuality "1"]
[WhiteTeam "Finansovyy Univ pri Pravitelstve"]
[BlackTeam "Moscow Temus Tim"]
[WhiteTeamCountry "RUS"]
[BlackTeamCountry "RUS"]

1. d4 Nf6 2. c4 e6 3. g3 d5 4. Bg2 Bb4+ 5. Bd2 a5 6. Qc2 0-0 7. Nf3 c5 8. cxd5 cxd4 9. Nxd4 Qb6 10. e3 exd5 11. 0-0 Nc6 12. Bc3 Bxc3 13. Qxc3 Bd7 14. Qb3 Qb4 15. Nc3 Nxd4 16. exd4 Bc6 17. Rfd1 Rfd8 18. Qc2 Rac8 19. Rac1 Bd7 20. Qd2 Be6 21. a3 Qb3 22. Re1 h6 23. Re3 Qb6 24. Rd1 Bg4 25. f3 Bd7 26. Re5 Qd6 27. g4 Bc6 28. h4 Nd7 29. Rh5 Nf6 30. Rf5 g6 31. Re5 Nd7 32. f4 Nf6 33. Bf3 Ne4 34. Bxe4 dxe4 35. g5 hxg5 36. hxg5 Kg7 37. d5 Qc5+ 38. Qd4 Qxd4+ 39. Rxd4 Bd7 40. Rexe4 Kf8 41. Kf2 Bf5 42. Re5 Rd6 43. Kg3 Rb6 44. Rd2 Rd8 45. Rh2 Kg7 46. Re7 Rb3 47. Rd2 b5 48. Re3 Rh8 49. Kg2 b4 50. Nd1 Rh3 51. Rxb3 Rxb3 52. axb4 Rxb4 53. Ne3 Bd7 54. Kf3 Kf8 55. d6 Bc6+ 56. Kg3 Rb3 57. Kf2 Ke8 58. Ng4 Bd7 59. Nf6+ Kd8 60. Ke2 Rb6 61. Ke3 Bf5 62. Rh2 Bh3 63. Ke4 Rb3 64. Kd4 a4 1-0

[Event "Pavlodar Nikitin Memorial"]
[Site "Pavlodar"]
[Date "2018.01.24"]
[Round "6"]
[White "Bekturov, Tamerlan"]
[Black "Kalabukhov, Bogdan"]
[Result "1-0"]
[WhiteElo "2223"]
[BlackElo "2349"]
[PlyCount "45"]
[EventDate "2018.01.20"]
[EventType "tourn"]
[EventRounds "9"]
[EventCountry "KAZ"]
[EventCategory "4"]
[SourceTitle "CBM 182 Extra"]
[Source "ChessBase"]
[SourceDate "2018.02.23"]
[SourceVersion "1"]
[SourceVersionDate "2018.02.23"]
[SourceQuality "1"]

1. d4 d5 2. c4 e6 3. Nc3 c6 4. e4 dxe4 5. Nxe4 Bb4+ 6. Bd2 Qxd4 7. Bxb4 Qxe4+ 8. Be2 c5 9. Bc3 Nf6 10. Qd6 Qxg2 11. Bxf6 gxf6 12. Rd1 Nd7 13. Bf3 Qg5 14. Bxb7 Bxb7 15. Qxd7+ Kf8 16. Qxb7 Qe5+ 17. Ne2 Rb8 18. Qd7 Rxb2 19. Qd8+ Kg7 20. Rg1+ Kh6 21. Qd3 Rhb8 22. Qh3+ Qh5 23. Qe3+ 1-0

[Event "Pavlodar Nikitin Memorial"]
[Site "Pavlodar"]
[Date "2018.01.23"]
[Round "5"]
[White "Kalabukhov, Bogdan"]
[Black "Markov, Mikhail2222"]
[Result "1-0"]
[WhiteElo "2349"]
[BlackElo "2412"]
[PlyCount "47"]
[EventDate "2018.01.20"]
[EventType "tourn"]
[EventRounds "9"]
[EventCountry "KAZ"]
[EventCategory "4"]
[SourceTitle "CBM 182 Extra"]
[Source "ChessBase"]
[SourceDate "2018.02.23"]
[SourceVersion "1"]
[SourceVersionDate "2018.02.23"]
[SourceQuality "1"]

1. d4 Nf6 2. c4 e6 3. g3 d5 4. Nf3 Bb4+ 5. Bd2 Be7 6. Bg2 0-0 7. 0-0 c5 8. cxd5 Nxd5 9. Nc3 Nxc3 10. Bxc3 Qb6 11. dxc5 Bxc5 12. Qc2 h6 13. Rac1 Na6 14. a3 Rd8 15. Ne5 Bd7 16. Nxd7 Rxd7 17. Qa4 Re7 18. b4 Bd4 19. b5 Bxc3 20. bxa6 Be5 21. axb7 Rxb7 22. Qe4 Rab8 23. Qxe5 Rd7 24. Rfd1 1-0

[Event "Chess Siberia A"]
[Site "Novosibirsk"]
[Date "2017.06.26"]
[Round "4"]
[White "Kononov, Alexander"]
[Black "Kalabukhov, Bogdan"]
[Result "0-1"]
[WhiteElo "2244"]
[BlackElo "2259"]
[PlyCount "48"]
[EventDate "2017.06.24"]
[EventType "tourn"]
[EventRounds "9"]
[EventCountry "RUS"]
[EventCategory "1"]
[SourceTitle "EXT 2018"]
[Source "ChessBase"]
[SourceDate "2017.10.13"]
[SourceVersion "1"]
[SourceVersionDate "2017.10.13"]
[SourceQuality "1"]

1. d4 d5 2. Bf4 e6 3. e3 Bd6 4. Bg3 Nf6 5. Nd2 c5 6. c3 0-0 7. Bd3 Nc6 8. Ngf3 b6 9. Ne5 Ne7 10. f4 Bb7 11. 0-0 Ne4 12. Qc2 f6 13. Bxe4 dxe4 14. Nec4 Bc7 15. Nb3 Ba6 16. Nbd2 cxd4 17. cxd4 Qd5 18. Rfe1 Rfc8 19. Rac1 b5 20. Na3 Ba5 21. Qd1 Rxc1 22. Qxc1 Rc8 23. Qd1 Qxa2 24. Re2 b4 0-1

[Event "World School-ch U15"]
[Site "Sochi"]
[Date "2016.12.06"]
[Round "4"]
[White "Golikov, Daniil"]
[Black "Kalabukhov, Bogdan"]
[Result "1-0"]
[WhiteElo "2180"]
[BlackElo "2148"]
[PlyCount "79"]
[EventDate "2016.12.03"]
[EventType "swiss"]
[EventRounds "9"]
[EventCountry "RUS"]
[SourceTitle "EXT 2018"]
[Source "ChessBase"]
[SourceDate "2017.10.13"]
[SourceVersion "1"]
[SourceVersionDate "2017.10.13"]
[SourceQuality "1"]

1. c4 e6 2. Nc3 d5 3. d4 c6 4. e3 Bd6 5. Nf3 f5 6. Bd3 Nf6 7. 0-0 0-0 8. Ne5 Nbd7 9. f4 Ne4 10. Bd2 Nxe5 11. fxe5 Be7 12. Bxe4 dxe4 13. Rb1 b6 14. b4 Bb7 15. Qb3 Bg5 16. g3 Qd7 17. b5 c5 18. d5 g6 19. Rbd1 Qg7 20. dxe6 Qxe5 21. Nd5 Rac8 22. Nf4 Bf6 23. Rc1 Qd6 24. Rfd1 Qe7 25. Bc3 Rcd8 26. Qb2 Bxc3 27. Qxc3 Bc8 28. Qe5 g5 29. Rxd8 Rxd8 30. Nd5 Qxe6 31. Qc7 Rf8 32. Ne7+ Kh8 33. Rd1 Qf7 34. Rd8 Rxd8 35. Qxd8+ Kg7 36. Nxc8 Qxc4 37. Qxg5+ Kf8 38. Qxf5+ Kg7 39. Qg5+ Kf8 40. Qf6+ 1-0

[Event "World School-ch U15"]
[Site "Sochi"]
[Date "2016.12.05"]
[Round "3"]
[White "Kalabukhov, Bogdan"]
[Black "Zhalmakhanov, Ramazan"]
[Result "1/2-1/2"]
[WhiteElo "2148"]
[BlackElo "2213"]
[PlyCount "80"]
[EventDate "2016.12.03"]
[EventType "swiss"]
[EventRounds "9"]
[EventCountry "RUS"]
[SourceTitle "EXT 2018"]
[Source "ChessBase"]
[SourceDate "2017.10.13"]
[SourceVersion "1"]
[SourceVersionDate "2017.10.13"]
[SourceQuality "1"]

1. d4 Nf6 2. c4 e6 3. g3 c5 4. d5 exd5 5. cxd5 b5 6. e4 Nxe4 7. Bg2 Nd6 8. Nf3 Be7 9. 0-0 0-0 10. Bf4 Bb7 11. Re1 Na6 12. Nc3 Nc7 13. Rc1 Rc8 14. Rc2 Nce8 15. Qe2 Bf6 16. Nxb5 Nxb5 17. Qxb5 Bxd5 18. Rxc5 Bc6 19. Qc4 Nc7 20. Ng5 h6 21. Nxf7 Rxf7 22. Bxc6 dxc6 23. Rxc6 Bg5 24. Bd6 Qf6 25. f4 Qxb2 26. Bxc7 Bf6 27. Rc1 Bd4+ 28. Kh1 Qf2 29. Qd5 Re8 30. Be5 Bxe5 31. fxe5 Rxe5 32. Rc8+ Kh7 33. Qxe5 Qf3+ 34. Kg1 Qf2+ 35. Kh1 Qf3+ 36. Kg1 Qf2+ 37. Kh1 Qf3+ 38. Kg1 Qf2+ 39. Kh1 Qf3+ 40. Kg1 Qf2+ 1/2-1/2

[Event "World School-ch U15"]
[Site "Sochi"]
[Date "2016.12.03"]
[Round "1"]
[White "Kalabukhov, Bogdan"]
[Black "Edirisinghe, S Thulnith"]
[Result "1-0"]
[WhiteElo "2148"]
[BlackElo "1561"]
[PlyCount "111"]
[EventDate "2016.12.03"]
[EventType "swiss"]
[EventRounds "9"]
[EventCountry "RUS"]
[SourceTitle "EXT 2018"]
[Source "ChessBase"]
[SourceDate "2017.10.13"]
[SourceVersion "1"]
[SourceVersionDate "2017.10.13"]
[SourceQuality "1"]

1. d4 d5 2. c4 c6 3. Nf3 Nf6 4. e3 e6 5. Bd3 a6 6. 0-0 dxc4 7. Bxc4 b5 8. Bd3 Bb7 9. Qc2 Nbd7 10. a4 b4 11. e4 h6 12. Nbd2 Be7 13. Nb3 Rc8 14. Rd1 0-0 15. Nc5 Nxc5 16. dxc5 Qa5 17. Be3 Rfd8 18. h3 Nd7 19. Rac1 e5 20. Bc4 Bxc5 21. Rxd7 Rxd7 22. Bxc5 Qc7 23. Bxb4 c5 24. Bc3 Re8 25. Qe2 Qd6 26. Bb3 Qc7 27. Bc4 Qd6 28. Ne1 Kh8 29. Nd3 f6 30. b3 Qb6 31. Bb2 Rc8 32. Ba3 Rd4 33. f3 Rd7 34. Qe3 Rdc7 35. b4 a5 36. bxc5 Qa7 37. Bb5 Bc6 38. Nb2 Qb8 39. Nc4 Rd8 40. Nd6 Qa8 41. Qb3 Kh7 42. Bxc6 Qxc6 43. Qb5 Qa8 44. c6 Rb8 45. Nb7 Rbc8 46. Kh2 Qa7 47. Bc5 Qa8 48. Bb6 Rf7 49. Nd6 Rff8 50. Nxc8 Qxc8 51. Qxa5 f5 52. Qxe5 fxe4 53. Qxe4+ Kh8 54. c7 Re8 55. Qg4 Qxg4 56. hxg4 1-0

[Event "EU-ch U14 26th"]
[Site "Prague"]
[Date "2016.08.26"]
[Round "8"]
[White "Colonetti, Fabio"]
[Black "Kalabukhov, Bogdan"]
[Result "0-1"]
[WhiteElo "1833"]
[BlackElo "2090"]
[PlyCount "72"]
[EventDate "2016.08.18"]
[EventType "swiss"]
[EventRounds "9"]
[EventCountry "CZE"]
[SourceTitle "CBM 174 Extra"]
[Source "ChessBase"]
[SourceDate "2016.10.10"]
[SourceVersion "1"]
[SourceVersionDate "2016.10.10"]
[SourceQuality "1"]

1. e4 c5 2. Nf3 d6 3. d4 cxd4 4. Qxd4 Nc6 5. Bb5 a6 6. Bxc6+ bxc6 7. c4 e5 8. Qd3 Nf6 9. Nc3 Be7 10. 0-0 0-0 11. h3 h6 12. Be3 Be6 13. Rfd1 Qb8 14. b3 Rd8 15. Qe2 d5 16. Bd2 dxe4 17. Nxe4 Bf5 18. Nxf6+ Bxf6 19. Bc3 Re8 20. Rac1 Qc7 21. Re1 Re6 22. Nd2 Bg6 23. c5 Qe7 24. b4 Bg5 25. Red1 a5 26. Nc4 axb4 27. Bxb4 e4 28. Nb6 Re8 29. Rd7 Qf6 30. a4 e3 31. f3 Bh4 32. Rcd1 Bf2+ 33. Kh1 Bf5 34. R1d4 Qg5 35. a5 Bxh3 36. Qf1 Bf5 0-1

[Event "EU-ch U14 26th"]
[Site "Prague"]
[Date "2016.08.25"]
[Round "7"]
[White "Kalabukhov, Bogdan"]
[Black "Olsen, Filip Boe"]
[Result "0-1"]
[WhiteElo "2090"]
[BlackElo "2260"]
[PlyCount "116"]
[EventDate "2016.08.18"]
[EventType "swiss"]
[EventRounds "9"]
[EventCountry "CZE"]
[SourceTitle "CBM 174 Extra"]
[Source "ChessBase"]
[SourceDate "2016.10.10"]
[SourceVersion "1"]
[SourceVersionDate "2016.10.10"]
[SourceQuality "1"]

1. d4 d5 2. c4 c6 3. Nf3 Nf6 4. e3 Bf5 5. Nc3 a6 6. Qb3 b5 7. cxd5 cxd5 8. a4 b4 9. Nh4 Bg4 10. Qxb4 Nc6 11. Qb3 Rb8 12. Qc2 Nb4 13. Qb1 e6 14. h3 Bh5 15. g4 Nd7 16. gxh5 Qxh4 17. Bd2 Qxh5 18. Na2 Qf3 19. Rg1 Nxa2 20. Rg3 Qf6 21. Qxa2 Bd6 22. Rg1 e5 23. Qxd5 Rxb2 24. dxe5 Nxe5 25. Be2 0-0 26. Qd4 Rfb8 27. Rd1 Bb4 28. Rg3 Rd8 29. Qxd8+ Qxd8 30. Bxb4 Qc8 31. Bxa6 Qc7 32. Bd2 h6 33. Bb5 Ra2 34. Rc1 Qb7 35. Ke2 Qd5 36. Rd1 f5 37. Ke1 Kh7 38. Be2 Qh1+ 39. Bf1 Nf3+ 40. Rxf3 Qxf3 41. a5 h5 42. Bc4 Ra4 43. Bb5 Ra3 44. Bf1 g5 45. a6 Qh1 46. Bb4 Rxa6 47. Rd7+ Kg6 48. Rd6+ Rxd6 49. Bxd6 g4 50. hxg4 fxg4 51. f3 Qxf3 52. Bd3+ Kf6 53. Bf4 g3 54. Be2 Qh1+ 55. Kd2 g2 56. Bf3 Qf1 57. Bxg2 Qxg2+ 58. Kd3 h4 0-1

[Event "EU-ch U14 26th"]
[Site "Prague"]
[Date "2016.08.19"]
[Round "2"]
[White "Kalabukhov, Bogdan"]
[Black "Henderson de la Fuente, Lance"]
[Result "0-1"]
[WhiteElo "2090"]
[BlackElo "2306"]
[PlyCount "86"]
[EventDate "2016.08.18"]
[EventType "swiss"]
[EventRounds "9"]
[EventCountry "CZE"]
[SourceTitle "CBM 174 Extra"]
[Source "ChessBase"]
[SourceDate "2016.10.10"]
[SourceVersion "1"]
[SourceVersionDate "2016.10.10"]
[SourceQuality "1"]

1. d4 Nf6 2. c4 c5 3. d5 b5 4. cxb5 a6 5. bxa6 g6 6. Nc3 Bg7 7. e4 0-0 8. Nf3 Qa5 9. Bd2 d6 10. Be2 Bxa6 11. 0-0 Nbd7 12. Bxa6 Qxa6 13. Qc2 Ng4 14. a4 Rfc8 15. b3 Rab8 16. Rab1 Nb6 17. h3 Ne5 18. Nxe5 Bxe5 19. Be3 c4 20. Bxb6 Rxb6 21. Nb5 cxb3 22. Qxb3 Ra8 23. Qe3 Rb7 24. Rb4 Rc8 25. Rc1 Rbb8 26. Rbc4 h5 27. g3 Rxc4 28. Rxc4 Qa5 29. Kg2 Bf6 30. Qa7 Rxb5 31. Rc8+ Kg7 32. Qd7 Rc5 33. Rb8 Qe1 34. Qe8 Qxe4+ 35. Kh2 Kh6 36. Qf8+ Bg7 37. Qxf7 Rc1 38. Qf4+ Qxf4 39. gxf4 Rc4 40. a5 Rxf4 41. Kg2 Ra4 42. Rb7 Rxa5 43. Rxe7 Rxd5 0-1

[Event "EU-ch U14 26th"]
[Site "Prague"]
[Date "2016.08.18"]
[Round "1"]
[White "Kalabukhov, Bogdan"]
[Black "Berera, Siddharth"]
[Result "1-0"]
[WhiteElo "2090"]
[BlackElo "1676"]
[PlyCount "55"]
[EventDate "2016.08.18"]
[EventType "swiss"]
[EventRounds "9"]
[EventCountry "CZE"]
[SourceTitle "CBM 174 Extra"]
[Source "ChessBase"]
[SourceDate "2016.10.10"]
[SourceVersion "1"]
[SourceVersionDate "2016.10.10"]
[SourceQuality "1"]

1. d4 d5 2. c4 c6 3. Nf3 Nf6 4. e3 Bf5 5. Qb3 Qb6 6. Nh4 Qxb3 7. axb3 Bc2 8. c5 Bxb3 9. Bd3 e5 10. Nd2 Bc4 11. Bxc4 dxc4 12. Nxc4 Nbd7 13. Nf5 Ne4 14. f3 g6 15. fxe4 gxf5 16. exf5 exd4 17. exd4 Bg7 18. Nd6+ Kf8 19. Be3 b6 20. 0-0 bxc5 21. dxc5 Bxb2 22. Rab1 Rb8 23. Rxb2 Rxb2 24. Bd4 Re2 25. Bxh8 f6 26. Rb1 Re7 27. Rb7 Nxc5 28. Rb8+ 1-0

[Event "Voronezh op-A 20th"]
[Site "Voronezh"]
[Date "2016.06.19"]
[Round "8"]
[White "Kalabukhov, Bogdan"]
[Black "Lutsenko, Alexander"]
[Result "1/2-1/2"]
[WhiteElo "2163"]
[BlackElo "2108"]
[PlyCount "70"]
[EventDate "2016.06.12"]
[EventType "swiss"]
[EventRounds "9"]
[EventCountry "RUS"]
[SourceTitle "EXT 2019"]
[Source "ChessBase"]
[SourceDate "2018.10.10"]
[SourceVersion "1"]
[SourceVersionDate "2018.10.10"]
[SourceQuality "1"]

1. d4 Nf6 2. c4 g6 3. f3 d5 4. cxd5 Nxd5 5. e4 Nb6 6. Nc3 Bg7 7. Be3 0-0 8. Qd2 Be6 9. b3 a5 10. Rd1 c6 11. h4 a4 12. b4 Nc4 13. Bxc4 Bxc4 14. a3 Bb3 15. Rc1 Nd7 16. h5 Nb6 17. Nce2 Nc4 18. Rxc4 Bxc4 19. Bh6 Bh8 20. Bxf8 Qxf8 21. e5 Rd8 22. Qe3 f6 23. f4 fxe5 24. fxe5 Qf5 25. Nf3 Bg7 26. h6 Bf8 27. Nd2 Bxe2 28. Kxe2 Qg4+ 29. Kd3 Qxg2 30. Qe4 Qg5 31. Nf3 Qg2 32. Nd2 Qg5 33. Nf3 Qg2 34. Nd2 Qg5 35. Nf3 Qg2 1/2-1/2

[Event "Voronezh op-A 20th"]
[Site "Voronezh"]
[Date "2016.06.17"]
[Round "6"]
[White "Arjun, Kalyan"]
[Black "Kalabukhov, Bogdan"]
[Result "1-0"]
[WhiteElo "2286"]
[BlackElo "2163"]
[PlyCount "115"]
[EventDate "2016.06.12"]
[EventType "swiss"]
[EventRounds "9"]
[EventCountry "RUS"]
[SourceTitle "EXT 2019"]
[Source "ChessBase"]
[SourceDate "2018.10.10"]
[SourceVersion "1"]
[SourceVersionDate "2018.10.10"]
[SourceQuality "1"]

1. e4 c5 2. Nf3 d6 3. d4 cxd4 4. Nxd4 Nf6 5. Nc3 a6 6. Be3 e5 7. Nb3 Be7 8. f3 Be6 9. Qd2 h5 10. Nd5 Nxd5 11. exd5 Bf5 12. Be2 0-0 13. 0-0 Nd7 14. c4 b6 15. f4 exf4 16. Bxf4 Bg6 17. Nd4 Qc7 18. Bd3 Bxd3 19. Qxd3 Bf6 20. Rac1 Qc5 21. Be3 Ne5 22. Qc3 Ng4 23. b4 Qc7 24. h3 Nxe3 25. Qxe3 Rfe8 26. Qd3 Bxd4+ 27. Qxd4 Rac8 28. Rc3 a5 29. a3 axb4 30. axb4 Qe7 31. Rcf3 Qe5 32. Qh4 Rc7 33. Rf5 Qe3+ 34. Kh1 g6 35. Rf6 Qe4 36. R6f4 Qe7 37. Qf2 Qe3 38. Rxf7 Qxf2 39. R7xf2 Rxc4 40. Rf6 Kh7 41. Rxd6 Rxb4 42. Rf7+ Kh6 43. Rff6 Re1+ 44. Kh2 h4 45. Rxg6+ Kh5 46. Rh6+ Kg5 47. Rdg6+ Kf5 48. Rxb6 Rxb6 49. Rxb6 Rd1 50. Rh6 Kg5 51. Rd6 Kh5 52. Rd8 Kg5 53. Rd6 Kh5 54. Rd8 Kg5 55. d6 Kf6 56. d7 Rd4 57. Rh8 Rxd7 58. Rxh4 1-0

[Event "Voronezh op-A 20th"]
[Site "Voronezh"]
[Date "2016.06.12"]
[Round "1"]
[White "Kalabukhov, Bogdan"]
[Black "Nozdrachev, Leonid"]
[Result "0-1"]
[WhiteElo "2163"]
[BlackElo "2402"]
[PlyCount "69"]
[EventDate "2016.06.12"]
[EventType "swiss"]
[EventRounds "9"]
[EventCountry "RUS"]
[SourceTitle "EXT 2019"]
[Source "ChessBase"]
[SourceDate "2018.10.10"]
[SourceVersion "1"]
[SourceVersionDate "2018.10.10"]
[SourceQuality "1"]

1. d4 Nf6 2. Nf3 g6 3. g3 Bg7 4. Bg2 0-0 5. 0-0 d6 6. a4 Nc6 7. a5 Bf5 8. a6 bxa6 9. Nh4 Be4 10. f3 Bd5 11. Rxa6 Qc8 12. Ra4 Be6 13. Nc3 Bh3 14. e4 Bxg2 15. Nxg2 Nd7 16. Be3 Nb6 17. Ra2 Nc4 18. Bf2 Nb4 19. Ra1 c5 20. b3 cxd4 21. Nb5 Ne3 22. Bxe3 dxe3 23. c3 a6 24. Ra4 axb5 25. Rxa8 Qxa8 26. cxb4 Qa7 27. Qe2 Rc8 28. Kh1 Rc3 29. Qxb5 Qa2 30. Qe8+ Bf8 31. Qa4 Qe2 32. Qa1 Rc2 33. Rg1 Qxf3 34. Qd4 e2 35. b5 0-1

[Event "EU-ch U12 24th"]
[Site "Batumi"]
[Date "2014.10.24"]
[Round "6"]
[White "Kalabukhov, Bogdan"]
[Black "Karousos Theodorakis, Nikolaos"]
[Result "1-0"]
[WhiteElo "2083"]
[BlackElo "1834"]
[PlyCount "57"]
[EventDate "2014.10.19"]
[EventType "swiss"]
[EventRounds "9"]
[EventCountry "GEO"]
[SourceTitle "EXT 2016"]
[Source "ChessBase"]
[SourceDate "2015.10.08"]
[SourceVersion "1"]
[SourceVersionDate "2015.10.08"]
[SourceQuality "1"]

1. e4 c5 2. Nf3 d6 3. d4 cxd4 4. Qxd4 a6 5. Be3 Nc6 6. Qd2 Nf6 7. Nc3 g6 8. Be2 Bg7 9. a4 0-0 10. h4 Ng4 11. h5 Nxe3 12. Qxe3 Qa5 13. hxg6 hxg6 14. Bc4 Qc5 15. Qxc5 dxc5 16. Nd5 Bg4 17. c3 b5 18. Be2 b4 19. cxb4 cxb4 20. Rc1 e6 21. Nb6 Bxf3 22. gxf3 Nd4 23. Nxa8 Rxa8 24. Bd1 a5 25. Kd2 Be5 26. Ke3 g5 27. Rc5 f6 28. Rg1 Kf7 29. Rg4 1-0

[Event "EU-ch U12 24th"]
[Site "Batumi"]
[Date "2014.10.22"]
[Round "4"]
[White "Kalabukhov, Bogdan"]
[Black "Golding, Alex"]
[Result "1/2-1/2"]
[WhiteElo "2083"]
[BlackElo "1910"]
[PlyCount "50"]
[EventDate "2014.10.19"]
[EventType "swiss"]
[EventRounds "9"]
[EventCountry "GEO"]
[SourceTitle "EXT 2016"]
[Source "ChessBase"]
[SourceDate "2015.10.08"]
[SourceVersion "1"]
[SourceVersionDate "2015.10.08"]
[SourceQuality "1"]

1. e4 e5 2. Nf3 Nc6 3. Bb5 a6 4. Ba4 Nf6 5. 0-0 b5 6. Bb3 Bc5 7. Nxe5 Nxe5 8. d4 Bxd4 9. Qxd4 d6 10. c3 0-0 11. f3 c5 12. Qd1 c4 13. Bc2 Qb6+ 14. Qd4 Qxd4+ 15. cxd4 Nc6 16. d5 Nb4 17. Na3 Ne8 18. Bd2 Nxc2 19. Nxc2 f5 20. Bc3 Nf6 21. Rae1 Bd7 22. e5 Nxd5 23. e6 Bc6 24. Nd4 Rfc8 25. e7 Rc7 1/2-1/2

[Event "EU-ch U12 24th"]
[Site "Batumi"]
[Date "2014.10.19"]
[Round "1"]
[White "Hakobyan, Hakob"]
[Black "Kalabukhov, Bogdan"]
[Result "1/2-1/2"]
[WhiteElo "1760"]
[BlackElo "2083"]
[PlyCount "82"]
[EventDate "2014.10.19"]
[EventType "swiss"]
[EventRounds "9"]
[EventCountry "GEO"]
[SourceTitle "EXT 2016"]
[Source "ChessBase"]
[SourceDate "2015.10.08"]
[SourceVersion "1"]
[SourceVersionDate "2015.10.08"]
[SourceQuality "1"]

1. e4 c5 2. Nf3 d6 3. c3 Nf6 4. Be2 Nc6 5. d3 e5 6. c4 g6 7. 0-0 Bg7 8. Nc3 0-0 9. Bd2 h6 10. a3 Ne8 11. Qc1 Kh7 12. Ne1 f5 13. f4 exf4 14. Bxf4 g5 15. Bd2 f4 16. Nd5 Nd4 17. Bd1 Nf6 18. Nxf6+ Qxf6 19. Rb1 b6 20. b4 Qg6 21. Nc2 Be6 22. Nxd4 Bxd4+ 23. Kh1 Rf7 24. Bc3 Bxc3 25. Qxc3 g4 26. Rb2 g3 27. h3 Rg8 28. Bf3 Qg5 29. Kg1 Qe5 30. Qxe5 dxe5 31. bxc5 bxc5 32. Rfb1 Rd8 33. Rb3 Rfd7 34. Rb7 Kg6 35. Rxd7 Rxd7 36. Rb3 a5 37. Kf1 a4 38. Rb6 Kf7 39. Ke2 Ke7 40. Rb5 Rc7 41. Rb6 Kd7 1/2-1/2

[Event "EU-ch U12 23rd"]
[Site "Budva"]
[Date "2013.10.08"]
[Round "9"]
[White "Kalabukhov, Bogdan"]
[Black "Kevlishvili, Robby"]
[Result "0-1"]
[WhiteElo "1945"]
[BlackElo "2056"]
[PlyCount "50"]
[EventDate "2013.09.29"]
[EventType "swiss"]
[EventRounds "9"]
[EventCountry "MNE"]
[SourceTitle "EXT 2014"]
[Source "ChessBase"]
[SourceDate "2013.11.20"]
[SourceVersion "1"]
[SourceVersionDate "2013.11.20"]
[SourceQuality "1"]

1. e4 c5 2. Nf3 d6 3. c3 Nf6 4. h3 Nc6 5. Bd3 d5 6. e5 Nd7 7. Bb5 Qb6 8. Ba4 c4 9. Qe2 g6 10. b4 Bg7 11. 0-0 0-0 12. Bxc6 bxc6 13. Na3 Qc7 14. Re1 f6 15. exf6 Bxf6 16. Nd4 Ne5 17. Nac2 Nd3 18. Ne6 Bxe6 19. Qxe6+ Kh8 20. Rf1 Be5 21. f3 Nf4 22. Qg4 h5 23. Qh4 Ne2+ 24. Kh1 Ng3+ 25. Kg1 Bf6 0-1

[Event "EU-ch U12 23rd"]
[Site "Budva"]
[Date "2013.10.06"]
[Round "7"]
[White "Kalabukhov, Bogdan"]
[Black "Aliyev, Ravan"]
[Result "1/2-1/2"]
[WhiteElo "1945"]
[BlackElo "1897"]
[PlyCount "130"]
[EventDate "2013.09.29"]
[EventType "swiss"]
[EventRounds "9"]
[EventCountry "MNE"]
[SourceTitle "EXT 2014"]
[Source "ChessBase"]
[SourceDate "2013.11.20"]
[SourceVersion "1"]
[SourceVersionDate "2013.11.20"]
[SourceQuality "1"]

1. e4 d6 2. d4 g6 3. Nc3 Bg7 4. Be3 c6 5. Qd2 b5 6. Bd3 Nd7 7. Nf3 a6 8. 0-0 e5 9. dxe5 dxe5 10. a4 Bb7 11. Ne2 Ngf6 12. Ng3 0-0 13. c4 bxa4 14. h3 c5 15. Rxa4 Qc7 16. Bh6 Rfd8 17. Bxg7 Kxg7 18. Qg5 Kh8 19. Ra3 Ng8 20. Ne2 f6 21. Qe3 Qb6 22. Bb1 Kg7 23. Rb3 Qc7 24. Nc3 Ne7 25. Nd5 Nxd5 26. cxd5 a5 27. Nd2 Ba6 28. Rc1 Rab8 29. Bd3 Rxb3 30. Nxb3 Bxd3 31. Qxd3 Qb6 32. Qc3 Rb8 33. Nxc5 Nxc5 34. Qxc5 Qxb2 35. Qe7+ Kh6 36. Rc7 Qb1+ 37. Kh2 Qxe4 38. Qxf6 Qf4+ 39. Qxf4+ exf4 40. Ra7 Rb5 41. d6 Rd5 42. d7 Rd2 43. h4 f3 44. g4 g5 45. hxg5+ Kxg5 46. Kg3 a4 47. Ra5+ Kg6 48. Rxa4 Rxd7 49. Kxf3 Rd6 50. Ra5 Re6 51. Kg3 Re1 52. Ra6+ Kg7 53. Kf4 Rb1 54. Kg5 Rb5+ 55. Kh4 Rb4 56. Kh5 Rf4 57. Ra7+ Kg8 58. Ra2 Kg7 59. Kg5 Rf3 60. Rb2 h6+ 61. Kh4 Kg6 62. Rb6+ Kg7 63. Rb7+ Kg6 64. Rb2 Kf6 65. Rb8 Kg6 1/2-1/2

[Event "EU-ch U12 23rd"]
[Site "Budva"]
[Date "2013.10.05"]
[Round "6"]
[White "Cannesar, Rad"]
[Black "Kalabukhov, Bogdan"]
[Result "0-1"]
[WhiteElo "1811"]
[BlackElo "1945"]
[PlyCount "80"]
[EventDate "2013.09.29"]
[EventType "swiss"]
[EventRounds "9"]
[EventCountry "MNE"]
[SourceTitle "EXT 2014"]
[Source "ChessBase"]
[SourceDate "2013.11.20"]
[SourceVersion "1"]
[SourceVersionDate "2013.11.20"]
[SourceQuality "1"]

1. e4 c5 2. Nf3 d6 3. d4 cxd4 4. Nxd4 Nf6 5. Nc3 a6 6. Bc4 e6 7. Bb3 b5 8. 0-0 Be7 9. Qf3 Qb6 10. Be3 Qb7 11. a3 0-0 12. Rad1 Nbd7 13. Bg5 h6 14. Bh4 Nc5 15. Rfe1 Nxb3 16. Nxb3 Qc7 17. e5 Bb7 18. exf6 Bxf3 19. fxe7 Bxd1 20. exf8Q+ Rxf8 21. Rxd1 f5 22. f3 a5 23. Rd2 b4 24. axb4 axb4 25. Ne2 e5 26. f4 Ra8 27. Nec1 e4 28. Bf2 g5 29. Ne2 Ra2 30. Bd4 e3 31. Bxe3 Rxb2 32. Ned4 Qc4 33. fxg5 Rb1+ 34. Kf2 Rf1+ 35. Kg3 hxg5 36. Bxg5 Qf7 37. h4 Qh5 38. Kh2 Qg4 39. g3 Qe4 40. Rg2 Qe1 0-1